000
00202nam a2200085Ia 4500
008
120527s9999 xx 000 0 und d
100
_a
American Nat.Red.Cross
245
_a
Swimming and Diving
942
_c
BK
999
_c
25445
_d
25445